000 00709nam a2200289Ia 4500
005 20260324132814.0
008 008 260324s9999 xx 000 0 eng d
020 _a9781315251479
037 _aEBOOK
040 _aCRL
040 _beng
040 _cCRL
041 _2eng
041 _aeng
084 _qCRL
100 _aSteven Ruskin
_91190689
245 0 _aJohn Herschel's Cape Voyage
245 0 _bPrivate Science, Public Imagination and the Ambitions of Empire
260 _bTaylor and Francis
260 _c2004
365 _a
365 _b230
856 _uhttp://www.taylorfrancis.com/books/9781315251479
942 _cEBOOK
999 _c1789112
_d1789112